1311 1662 1876 1560 1743 1211 1011 1922 1199 1990 1999 1601 1450 1066 1233 1041 1642 1426 1999 1311 1518 1639 1630 1952 1042 1512 1281 1310 1086 1274 1235 1864 1019 1394 1275 1760 1227 1322 1959 1687 1216 1040 1313 1229 1728 1718 1821 1840 1872 1859 1939 1941 1017 1023 1538 1976 1910 1252 1367 1622 1986 1057 1922 1646 1129 1942 1123 1234 1145 1116 1969 1438 1108 1100 1171 1571 1061 1963 1524 1778 1113 1723 1601 1378 1215 1430 1587 1061 1557 1171 1884 1885 1370 1929 1455 1548 1425 1806 1227 BCNSPRNW ULIB Ver.6.0+V

เปลี่ยนเป็นภาษาไทย

Change to English
 แสดงรายละเอียดบรรณานุกรม
  กลับหน้าหลัก

Brief Record : Get Marc (ISO 2709) : E-mail record : QR code < ปิดหน้าต่าง
LEADER : 00000nam 2200000uu 4500
001    13399122230
003     ULIB
008    020711s2549 th a 000 0 tha d
020    9749950682
020    9789749950685
090    นว.^bY11จ
100    Yong Sok-gil
245    เจ้าพ่อเลือดทรนง 1/^cYong Sok-gil เขียน,Muzume แปล
260    กรุงเทพฯ :^bsiam inter books,^c2549
300    435 หน้า
500     มี 2 เล่ม
700    (...no)Muzume,^eแปล
945    ^p265^l0^i019593
999    ^aทศพร
รายการนี้ยังไม่มีแท็ก
คุณยังไม่ได้ล็อกอิน คุณสามารถมีกิจกรรมร่วมกับเว็บไซต์ได้ แต่ต้องล็อกอินก่อน ::
  ล็อกอิน

รายการสื่อสารสนเทศ

ลำดับที่ ประเภท เลขเรียก/บาร์โค้ด สถานที่ สถานะ
1. นวนิยาย
นวนิยาย
นว. Y11จ ฉ.1 
  Barcode: 019593
ห้องสมุดวิทยาเขตสวรรค์ประชารักษ์
►นวนิยาย
บนชั้น
  ขอยืม
Note: มี 2 เล่ม

รายการใกล้เคียง
    ผู้แต่ง [Yong Sok-gil]

BibComment


ยังไม่เคยถูกคอมเมนท์

คอมเมนท์ทรัพยากรรายการนี้
  คอมเมนท์: เจ้าพ่อเลือดทรนง ..


 Copyright 2026. Bcnsprnw @Library